[Event "FIDE Disabilities Olym"]
[Site "Belgrade"]
[Date "2023.01.31"]
[Round "?"]
[White "Morariu, Ionel"]
[Black "Johansen, Torbjorn Reidar"]
[Result "0-1"]
[WhiteElo "1915"]
[BlackElo "1764"]
[PlyCount "92"]
[EventDate "2023.01.30"]
[EventType "team-swiss"]
[EventRounds "6"]
[EventCountry "SRB"]
[SourceTitle "CBM 212 Extra"]
[Source "ChessBase"]
[SourceDate "2023.03.31"]
[SourceVersion "1"]
[SourceVersionDate "2023.03.31"]
[SourceQuality "1"]
[WhiteTeam "Romania"]
[BlackTeam "ICCD"]
[WhiteTeamCountry "ROU"]

1. e4 e5 2. Nf3 Nc6 3. Bc4 Nf6 4. Ng5 d5 5. exd5 Na5 6. Bb5+ c6 7. dxc6 bxc6 8. Bd3 h6 9. Ne4 Be7 10. Nxf6+ Bxf6 11. 0-0 0-0 12. Nc3 Qc7 13. Qe2 Nb7 14. Qe4 g6 15. Bc4 Kg7 16. Qf3 Nd6 17. Bb3 Bb7 18. d3 Nf5 19. g4 c5 20. Bd5 Nd6 21. Bxh6+ Kxh6 22. Qxf6 Ne8 23. Qf3 Bxd5 24. Qxd5 Rd8 25. Qg2 f5 26. g5+ Kg7 27. f4 Rh8 28. Rae1 Rh4 29. h3 exf4 30. Nd5 Qd6 31. Qf2 Rh5 32. Nxf4 Rxg5+ 33. Kh1 Nc7 34. Qh4 Qf6 35. Kh2 Rh8 36. Qf2 Qd6 37. Rg1 Nd5 38. Rgf1 Rg4 39. Qxc5 Nxf4 40. Qc3+ Kh7 41. Re5 Rg2+ 42. Kh1 Rxc2 43. Qe1 Qc6+ 44. Re4 fxe4 45. Qh4+ Nh5 46. dxe4 Qxe4+ 0-1

[Event "Nordic-ch"]
[Site "Sarpsborg"]
[Date "2019.06.26"]
[Round "8"]
[White "Johansen, Torbjorn Reidar"]
[Black "Granholt, Morten"]
[Result "1-0"]
[WhiteElo "1754"]
[BlackElo "1478"]
[PlyCount "55"]
[EventDate "2019.06.21"]
[EventType "swiss"]
[EventRounds "9"]
[EventCountry "NOR"]
[SourceTitle "CBM 191 Extra"]
[Source "ChessBase"]
[SourceDate "2019.09.30"]
[SourceVersion "1"]
[SourceVersionDate "2019.09.30"]
[SourceQuality "1"]

1. e4 c5 2. Nf3 d6 3. d4 cxd4 4. Nxd4 Nf6 5. Nc3 g6 6. Bc4 Bg7 7. Bb3 0-0 8. 0-0 Nc6 9. Kh1 Bd7 10. f4 Nxd4 11. Qxd4 e5 12. Qxd6 Ng4 13. Qd3 Qh4 14. Qg3 Qxg3 15. hxg3 Bc6 16. f5 Rad8 17. Nd5 Rd7 18. fxg6 hxg6 19. Bg5 Bxd5 20. Bxd5 Kh7 21. Rf3 f6 22. Be6 Rc7 23. Bxg4 fxg5 24. Rxf8 Bxf8 25. c3 Rc4 26. Re1 Bc5 27. Re2 a5 28. Be6 1-0

[Event "Nordic-ch"]
[Site "Sarpsborg"]
[Date "2019.06.25"]
[Round "7"]
[White "Kro, Andreas Fuskeland"]
[Black "Johansen, Torbjorn Reidar"]
[Result "1/2-1/2"]
[WhiteElo "1565"]
[BlackElo "1754"]
[PlyCount "120"]
[EventDate "2019.06.21"]
[EventType "swiss"]
[EventRounds "9"]
[EventCountry "NOR"]
[SourceTitle "CBM 191 Extra"]
[Source "ChessBase"]
[SourceDate "2019.09.30"]
[SourceVersion "1"]
[SourceVersionDate "2019.09.30"]
[SourceQuality "1"]

1. d4 Nf6 2. c4 d6 3. Nc3 g6 4. Nf3 Bg7 5. Bg5 Nbd7 6. e3 0-0 7. Be2 c5 8. 0-0 cxd4 9. exd4 h6 10. Bh4 Nh7 11. Bd3 f5 12. Qc2 Nb8 13. Rfe1 g5 14. Bg3 Nc6 15. a3 g4 16. d5 gxf3 17. dxc6 fxg2 18. c7 Qd7 19. c5 Ng5 20. Bb5 Qxc7 21. Qb3+ e6 22. Bxd6 Qf7 23. Ne2 Rd8 24. Nf4 Kh8 25. Bc4 Re8 26. Re2 a6 27. a4 Qd7 28. h4 Ne4 29. Rd1 Qc6 30. Bxe6 Nxc5 31. Bxc5 Qxc5 32. Rde1 Qd4 33. Qg3 Bxe6 34. Nxe6 Qf6 35. Qxg7+ Qxg7 36. Nxg7 Rxe2 37. Rxe2 Kxg7 38. Re7+ Kf6 39. Rxb7 Rg8 40. f4 Ke6 41. Rb6+ Kd5 42. h5 a5 43. Rxh6 Rb8 44. Rg6 Rxb2 45. h6 Rb8 46. h7 Rh8 47. Rh6 Ke4 48. Kxg2 Kxf4 49. Kf2 Kg5 50. Rh1 Kg6 51. Rg1+ Kxh7 52. Kf3 Re8 53. Kf4 Re4+ 54. Kxf5 Rxa4 55. Ke5 Ra2 56. Kd4 a4 57. Kc3 Kh6 58. Kb4 Kh5 59. Rg3 Kh4 60. Ra3 Rxa3 1/2-1/2

[Event "Nordic-ch"]
[Site "Sarpsborg"]
[Date "2019.06.24"]
[Round "5"]
[White "Johansen, Torbjorn Reidar"]
[Black "Wahlund, Max"]
[Result "0-1"]
[WhiteElo "1754"]
[BlackElo "2103"]
[PlyCount "88"]
[EventDate "2019.06.21"]
[EventType "swiss"]
[EventRounds "9"]
[EventCountry "NOR"]
[SourceTitle "CBM 191 Extra"]
[Source "ChessBase"]
[SourceDate "2019.09.30"]
[SourceVersion "1"]
[SourceVersionDate "2019.09.30"]
[SourceQuality "1"]

1. e4 c5 2. Nf3 Nc6 3. d4 cxd4 4. Nxd4 e5 5. Nb5 d6 6. N1c3 a6 7. Na3 Be7 8. Nd5 Nf6 9. Nxe7 Qxe7 10. Bg5 0-0 11. Nc4 h6 12. Nb6 hxg5 13. Nxa8 Qd8 14. f3 Be6 15. Qd2 Qxa8 16. h4 g4 17. h5 Nh7 18. Be2 Qd8 19. 0-0-0 Qg5 20. fxg4 Nd4 21. Bf3 Rc8 22. Kb1 Nxc2 23. Qxd6 Nd4 24. Qb6 Qd8 25. Qxd8+ Rxd8 26. Rc1 Ng5 27. Rhf1 Rc8 28. Rce1 Bc4 29. Rf2 Bd3+ 30. Ka1 Nc2+ 31. Rxc2 Rxc2 32. b3 Rd2 33. Re3 Ne6 34. Re1 Nd4 35. Rg1 b5 36. Rc1 b4 37. g5 Nb5 38. Rd1 Rxd1+ 39. Bxd1 Bxe4 40. g3 Nc3 41. Bg4 Bb1 42. Kb2 Bxa2 43. Bf5 e4 44. g4 Bb1 0-1

[Event "Oslo Vederhus Memorial op B"]
[Site "Oslo"]
[Date "2013.09.29"]
[Round "8"]
[White "Ali, Karim"]
[Black "Johansen, Torbjorn Reidar"]
[Result "0-1"]
[WhiteElo "1816"]
[BlackElo "1855"]
[PlyCount "116"]
[EventDate "2013.09.29"]
[EventType "swiss"]
[EventRounds "9"]
[EventCountry "NOR"]
[SourceTitle "EXT 2024"]
[Source "ChessBase"]
[SourceDate "2023.10.10"]
[SourceVersion "1"]
[SourceVersionDate "2023.10.10"]
[SourceQuality "1"]

1. e4 c5 2. Nf3 d6 3. Bd3 Nc6 4. c3 Nf6 5. h3 e6 6. Bc2 Qc7 7. 0-0 Be7 8. d4 cxd4 9. cxd4 Nb4 10. Ba4+ Bd7 11. Bxd7+ Nxd7 12. Nc3 0-0 13. a3 Na6 14. Be3 Nf6 15. Rc1 Rac8 16. e5 Ne8 17. Nd5 exd5 18. Rxc7 Rxc7 19. exd6 Bxd6 20. Qd2 Nf6 21. Rc1 Re7 22. Qd3 h6 23. g4 Rfe8 24. g5 hxg5 25. Bxg5 Re6 26. Bxf6 Rxf6 27. Ng5 g6 28. Qb5 Rb8 29. Re1 Nc7 30. Qd7 Bf4 31. h4 Bxg5 32. Qxc7 Bf4 33. Qd7 Rd6 34. Qg4 Rf6 35. Re7 Rf5 36. Qe2 Kg7 37. Re8 Rxe8 38. Qxe8 Bc1 39. Qb5 b6 40. Kg2 Kh6 41. a4 Kg7 42. Kg3 Bd2 43. b3 Be1 44. Qd7 Bxf2+ 45. Kg4 a5 46. Qd8 Bxd4 47. Kg3 Bc5 48. Qe8 d4 49. Qe4 Rf6 50. Qd5 Rd6 51. Qe5+ Kf8 52. h5 gxh5 53. Qxh5 d3 54. Qh8+ Ke7 55. Qe5+ Kd8 56. Qg5+ Kc7 57. Qd2 Bb4 58. Qc1+ Kb8 0-1

[Event "Oslo Vederhus Memorial op B"]
[Site "Oslo"]
[Date "2013.09.29"]
[Round "6"]
[White "Holleland, Sigve"]
[Black "Johansen, Torbjorn Reidar"]
[Result "1-0"]
[WhiteElo "1741"]
[BlackElo "1855"]
[PlyCount "47"]
[EventDate "2013.09.29"]
[EventType "swiss"]
[EventRounds "9"]
[EventCountry "NOR"]
[SourceTitle "EXT 2024"]
[Source "ChessBase"]
[SourceDate "2023.10.10"]
[SourceVersion "1"]
[SourceVersionDate "2023.10.10"]
[SourceQuality "1"]

1. d4 d5 2. c4 e6 3. g3 Nf6 4. Bg2 c6 5. Nf3 Bb4+ 6. Bd2 Bxd2+ 7. Nbxd2 0-0 8. 0-0 Nbd7 9. Re1 Re8 10. e4 dxe4 11. Nxe4 Nxe4 12. Rxe4 Nb6 13. Qc2 g6 14. Rae1 e5 15. Rxe5 Rxe5 16. dxe5 Bf5 17. Qc1 Bg4 18. b3 Qf8 19. Ng5 f6 20. Qf4 fxg5 21. Qxg4 Qe7 22. e6 Nd7 23. Re2 h5 24. exd7 1-0

[Event "Oslo Vederhus Memorial op B"]
[Site "Oslo"]
[Date "2013.09.29"]
[Round "7"]
[White "Johansen, Torbjorn Reidar"]
[Black "Bo, Torgeir H"]
[Result "1-0"]
[WhiteElo "1855"]
[BlackElo "1369"]
[PlyCount "69"]
[EventDate "2013.09.29"]
[EventType "swiss"]
[EventRounds "9"]
[EventCountry "NOR"]
[SourceTitle "EXT 2024"]
[Source "ChessBase"]
[SourceDate "2023.10.10"]
[SourceVersion "1"]
[SourceVersionDate "2023.10.10"]
[SourceQuality "1"]

1. e4 e5 2. Nf3 Nc6 3. Bb5 d6 4. d4 Bd7 5. Bxc6 Bxc6 6. dxe5 dxe5 7. Qe2 Bd6 8. 0-0 Nf6 9. Nc3 Qd7 10. Rd1 Qe6 11. Bg5 Qg4 12. h3 Qe6 13. Rd3 0-0 14. Rad1 Nh5 15. Nh4 Nf4 16. Bxf4 exf4 17. Nf5 Be5 18. Nd4 Bxd4 19. Rxd4 Qg6 20. Nd5 Bxd5 21. Rxd5 Rfe8 22. Rd7 f5 23. Qc4+ Kf8 24. exf5 Qxf5 25. R1d5 Re1+ 26. Kh2 Qe6 27. Qxf4+ Ke8 28. Qxc7 Qf6 29. Rxg7 Re7 30. Rxe7+ Qxe7 31. Re5 Qxe5+ 32. Qxe5+ Kf7 33. Qd5+ Kg6 34. Qxb7 Rf8 35. Qxa7 1-0

[Event "Oslo Elo op"]
[Site "Oslo"]
[Date "2012.09.30"]
[Round "3"]
[White "Amarapala, Sherington"]
[Black "Johansen, Torbjorn Reidar"]
[Result "1-0"]
[WhiteElo "1710"]
[BlackElo "1922"]
[PlyCount "129"]
[EventDate "2012.09.30"]
[EventType "swiss"]
[EventRounds "9"]
[EventCountry "NOR"]
[SourceTitle "EXT 2013"]
[Source "ChessBase"]
[SourceDate "2012.11.22"]
[SourceVersion "1"]
[SourceVersionDate "2012.11.22"]
[SourceQuality "1"]

1. e4 e5 2. Nf3 Nc6 3. Bb5 a6 4. Ba4 Nf6 5. 0-0 b5 6. Bb3 d6 7. Re1 Bg4 8. c3 Be7 9. d3 Na5 10. Bc2 0-0 11. d4 Nc6 12. Be3 exd4 13. cxd4 Nb4 14. Nbd2 c5 15. d5 Nd7 16. h3 Bh5 17. Bf4 Bg6 18. Bb1 Re8 19. a3 Bf6 20. Qc1 Nxd5 21. exd5 Rxe1+ 22. Nxe1 Bxb1 23. Rxb1 Nb6 24. Ne4 Qe7 25. Nxf6+ Qxf6 26. Qd2 Re8 27. Bg3 h6 28. Qf4 Qg6 29. Rc1 Re5 30. Rd1 Nc4 31. Qg4 Rg5 32. Qc8+ Kh7 33. Nf3 Rh5 34. Qg4 Qc2 35. Qxh5 Qxd1+ 36. Kh2 Kg8 37. Qf5 a5 38. Qc8+ Kh7 39. Qb7 b4 40. axb4 cxb4 41. Qxf7 Qd3 42. Nh4 Qd4 43. Nf5 Qf6 44. Qxf6 gxf6 45. Nxd6 Nxb2 46. Nb5 Nc4 47. d6 Nb6 48. Bf4 Kg6 49. Kg3 a4 50. Bd2 b3 51. Bc1 Kf5 52. Na3 Ke6 53. Bxh6 b2 54. d7 Nxd7 55. Bd2 Nb6 56. Nb1 Nc4 57. Bb4 Kf5 58. h4 Ke4 59. h5 Kd3 60. h6 Ne5 61. h7 Nf7 62. Na3 b1Q 63. Nxb1 Kc4 64. Be7 f5 65. Bf6 1-0

[Event "Oslo Elo op"]
[Site "Oslo"]
[Date "2012.09.30"]
[Round "2"]
[White "Johansen, Torbjorn Reidar"]
[Black "Johansen, Paul Arne"]
[Result "0-1"]
[WhiteElo "1922"]
[BlackElo "2124"]
[PlyCount "150"]
[EventDate "2012.09.30"]
[EventType "swiss"]
[EventRounds "9"]
[EventCountry "NOR"]
[SourceTitle "EXT 2013"]
[Source "ChessBase"]
[SourceDate "2012.11.22"]
[SourceVersion "1"]
[SourceVersionDate "2012.11.22"]
[SourceQuality "1"]

1. e4 c6 2. d4 d5 3. e5 Bf5 4. Bd3 Bxd3 5. Qxd3 e6 6. Nf3 Qb6 7. c3 c5 8. b3 cxd4 9. cxd4 Nc6 10. a3 Nge7 11. 0-0 Nf5 12. Rd1 h5 13. Nc3 Be7 14. h3 Rd8 15. Na4 Qc7 16. b4 b6 17. Bd2 Qd7 18. Rdc1 g6 19. b5 Nb8 20. Rc2 0-0 21. g4 Ng7 22. Nc3 Rc8 23. a4 Rc4 24. Ne4 Rxc2 25. Nf6+ Bxf6 26. exf6 Rxd2 27. Qxd2 Ne8 28. gxh5 Nxf6 29. Ne5 Qe7 30. Qg5 Nbd7 31. Nxd7 Qxd7 32. Qxf6 Qd8 33. Qxd8 Rxd8 34. hxg6 fxg6 35. Rc1 Rd7 36. Kg2 Kf7 37. Kf3 Kf6 38. Rc6 Kf5 39. Rc8 Rf7 40. Re8 g5 41. Rc8 e5 42. Re8 exd4 43. Ke2 Rc7 44. Ra8 Ke5 45. Re8+ Kd6 46. Kd3 Rc3+ 47. Kxd4 Rc4+ 48. Kd3 Rxa4 49. Rg8 Rh4 50. Rxg5 Rxh3+ 51. Rg3 Rh4 52. Kd2 Kc5 53. Ra3 Rh7 54. Rb3 Kc4 55. Rb1 d4 56. Rb2 Rf7 57. Ke1 d3 58. Rd2 Kc3 59. Ra2 Rh7 60. Ra3+ Kc2 61. Ra2+ Kb3 62. Ra6 Kb4 63. Kd2 Rd7 64. f4 Kxb5 65. Ra3 a5 66. Rb3+ Kc5 67. Rc3+ Kb4 68. Rc6 Kb5 69. Rc3 a4 70. Rc8 a3 71. f5 Rf7 72. Kxd3 Rxf5 73. Kc2 Rc5+ 74. Rxc5+ bxc5 75. Kb3 a2 0-1

[Event "Oslo op ELO"]
[Site "Oslo"]
[Date "2011.10.02"]
[Round "6"]
[White "Johansen, Torbjorn Reidar"]
[Black "Dulman, Egmond Gabriel"]
[Result "1/2-1/2"]
[WhiteElo "1879"]
[BlackElo "2114"]
[PlyCount "133"]
[EventDate "2011.10.02"]
[EventType "swiss"]
[EventRounds "9"]
[EventCountry "NOR"]
[SourceTitle "EXT 2023"]
[Source "ChessBase"]
[SourceDate "2022.10.05"]
[SourceVersion "1"]
[SourceVersionDate "2022.10.05"]
[SourceQuality "1"]

1. e4 c6 2. d4 d5 3. e5 Bf5 4. Nf3 e6 5. Bd3 Bxd3 6. Qxd3 Nd7 7. c3 Ne7 8. Nbd2 c5 9. b3 Nc6 10. 0-0 Rc8 11. a3 Be7 12. Re1 0-0 13. Nf1 cxd4 14. cxd4 Na5 15. Bd2 Qb6 16. Bxa5 Qxa5 17. b4 Qa4 18. Ne3 Rc7 19. Rac1 Rfc8 20. Rxc7 Rxc7 21. h4 a5 22. bxa5 Qxa5 23. Ra1 Rc3 24. Qb1 b5 25. Qe1 Qc7 26. Qb1 Qc6 27. Qb2 Nb6 28. Rb1 Bxa3 29. Qxb5 Qxb5 30. Rxb5 Nc4 31. Rb8+ Bf8 32. Nxd5 Rc1+ 33. Kh2 exd5 34. Ng5 Re1 35. Nxh7 Kxh7 36. Rxf8 Re4 37. Rxf7 Rxh4+ 38. Kg3 Rxd4 39. f4 Kg6 40. Rf8 Ne3 41. Kf3 Nf5 42. g4 Nh6 43. Kg3 Rd1 44. e6 Re1 45. Rd8 Kh7 46. Rxd5 Rxe6 47. g5 Ng8 48. f5 Ra6 49. Rd7 Kh8 50. f6 Nxf6 51. gxf6 Rxf6 52. Kg4 Kh7 53. Kg5 Ra6 54. Rd5 Ra1 55. Rd7 Ra5+ 56. Kg4 Kh6 57. Rd6+ g6 58. Rd8 Ra4+ 59. Kg3 Kh5 60. Rd5+ g5 61. Rd3 Ra1 62. Rb3 Rg1+ 63. Kh2 Rg4 64. Kh3 Rc4 65. Kg3 Kg6 66. Rb6+ Kh5 67. Rb3 1/2-1/2

[Event "Oslo Sveins op 4th"]
[Site "Oslo"]
[Date "2011.06.24"]
[Round "5"]
[White "Johansen, Torbjorn Reidar"]
[Black "Hoi, Carsten"]
[Result "0-1"]
[WhiteElo "1905"]
[BlackElo "2408"]
[PlyCount "72"]
[EventDate "2011.06.24"]
[EventType "swiss"]
[EventRounds "9"]
[EventCountry "NOR"]
[SourceTitle "CBM 143 Extra"]
[Source "ChessBase"]
[SourceDate "2011.08.29"]
[SourceVersion "1"]
[SourceVersionDate "2011.08.29"]
[SourceQuality "1"]

1. e4 d6 2. d4 Nf6 3. Nc3 g6 4. Nf3 Bg7 5. Be2 0-0 6. 0-0 Bg4 7. Be3 Nc6 8. Rb1 e5 9. d5 Ne7 10. Qd2 Bd7 11. Rfe1 Ng4 12. Bc4 Nxe3 13. Qxe3 f5 14. Nd2 f4 15. Qe2 g5 16. f3 h5 17. g4 hxg4 18. fxg4 f3 19. Nxf3 Bxg4 20. Rf1 Qe8 21. Qe3 Qh5 22. Be2 Bh6 23. Kh1 Ng6 24. Ng1 Nf4 25. Bxg4 Qxg4 26. Qg3 Qd7 27. Nce2 Rf6 28. Nxf4 exf4 29. Qh3 g4 30. Qh4 Bg7 31. h3 Rh6 32. Qg5 f3 33. h4 Re8 34. Nxf3 gxf3 35. Rxf3 Rxe4 36. Rg1 Rhxh4+ 0-1

[Event "Bergen Grand Prix"]
[Site "Bergen"]
[Date "2009.11.29"]
[Round "5"]
[White "Johansen, Torbjorn Reidar"]
[Black "Skage, Oystein Aagedal"]
[Result "0-1"]
[WhiteElo "1500"]
[BlackElo "1826"]
[PlyCount "66"]
[EventDate "2009.11.27"]
[EventType "swiss"]
[EventRounds "5"]
[EventCountry "NOR"]
[SourceTitle "EXT 2024"]
[Source "ChessBase"]
[SourceDate "2023.10.10"]
[SourceVersion "1"]
[SourceVersionDate "2023.10.10"]
[SourceQuality "1"]

1. e4 c5 2. Nf3 Nc6 3. d4 cxd4 4. Nxd4 Nf6 5. Nc3 e5 6. Nf5 d5 7. exd5 Bxf5 8. dxc6 bxc6 9. Qf3 Qd7 10. Bg5 e4 11. Qe2 Bb4 12. Bxf6 gxf6 13. Qc4 Rd8 14. Be2 Qd4 15. 0-0 Qxc4 16. Bxc4 Rd2 17. Rac1 Bc5 18. Bb3 0-0 19. Nd1 Bg4 20. Ne3 Be2 21. Rfe1 Bxe3 22. fxe3 c5 23. Ba4 Rb8 24. b3 Kh8 25. Bc6 f5 26. Bd7 Rg8 27. Rxe2 Rxe2 28. g3 Rd8 29. Bxf5 Rxe3 30. Bg4 Rd2 31. Rf1 Rxc2 32. Rxf7 Rxa2 33. Kf1 Rxb3 0-1

[Event "Bergen Grand Prix"]
[Site "Bergen"]
[Date "2009.11.28"]
[Round "2"]
[White "Lie, Terje"]
[Black "Johansen, Torbjorn Reidar"]
[Result "0-1"]
[WhiteElo "1257"]
[BlackElo "1500"]
[PlyCount "58"]
[EventDate "2009.11.27"]
[EventType "swiss"]
[EventRounds "5"]
[EventCountry "NOR"]
[SourceTitle "EXT 2024"]
[Source "ChessBase"]
[SourceDate "2023.10.10"]
[SourceVersion "1"]
[SourceVersionDate "2023.10.10"]
[SourceQuality "1"]

1. d4 d5 2. c4 e6 3. Nf3 Nf6 4. Bg5 Be7 5. Nc3 c6 6. e3 Nbd7 7. Be2 h6 8. Bh4 0-0 9. 0-0 dxc4 10. Bxc4 b5 11. Bb3 Bb7 12. Bc2 b4 13. Ne4 Nxe4 14. Bxe7 Nxf2 15. Rxf2 Qxe7 16. b3 a5 17. Qd3 f5 18. Raf1 Ba6 19. Qd1 Bxf1 20. Qxf1 e5 21. Qc4+ Kh8 22. e4 exd4 23. Qxd4 Rfd8 24. exf5 Nf6 25. Qe5 Qa7 26. h3 Rd5 27. Qb2 Rad8 28. g4 Rd2 29. Nxd2 Rxd2 0-1

[Event "Bergen Grand Prix"]
[Site "Bergen"]
[Date "2009.11.27"]
[Round "1"]
[White "Johansen, Torbjorn Reidar"]
[Black "Gronnestad, Anita"]
[Result "0-1"]
[WhiteElo "1500"]
[BlackElo "1837"]
[PlyCount "82"]
[EventDate "2009.11.27"]
[EventType "swiss"]
[EventRounds "5"]
[EventCountry "NOR"]
[SourceTitle "EXT 2024"]
[Source "ChessBase"]
[SourceDate "2023.10.10"]
[SourceVersion "1"]
[SourceVersionDate "2023.10.10"]
[SourceQuality "1"]

1. e4 c5 2. Nf3 d6 3. d4 cxd4 4. Nxd4 Nf6 5. Nc3 a6 6. Bg5 e6 7. Be2 Nbd7 8. 0-0 b5 9. Bf3 Ne5 10. Nc6 Nxc6 11. e5 d5 12. Re1 h6 13. Nxd5 hxg5 14. Nxf6+ gxf6 15. Bxc6+ Bd7 16. Bxa8 Qxa8 17. exf6 Qb8 18. g3 Bc5 19. Qd5 Qa7 20. Re2 Bxf2+ 21. Kg2 Bd4 22. c3 Bxf6 23. Rd1 Qc7 24. Kg1 Qa7+ 25. Kg2 Be7 26. Qd4 Qb7+ 27. Kg1 Rh6 28. b4 Bf6 29. Qd6 Bxc3 30. Rc1 Qa7+ 31. Kg2 Qd4 32. Qxd4 Bxd4 33. Rc7 e5 34. Kf3 g4+ 35. Ke4 f5+ 36. Kd3 Kd8 37. Rc1 Bc6 38. Rf1 Bf3 39. Rd2 Be4+ 40. Ke2 Rxh2+ 41. Kd1 Rh3 0-1